000 00871nam a22002177a 4500
005 20241211142033.0
010 _aHIN-128650 HIN-128915
020 _a8188548901
_c750.00
035 _aHN-100996
035 _aHN-101261
037 _bDBAD
082 _a302.7
100 _aहॉल्ट, जॉन
_974969
245 _aबाल विकास और शिक्षा /
_cजॉन हाल्ट; रीमा तिवारी द्वारा अनुवादित
250 _aप्रथम
260 _aदिल्ली
_bसिलवर बेल्ल
_c2021
270 _aएक्स-3, नवीन शाहदरा
_bदिल्ली
_e100332
300 _a296पृ.
_c22सेमी (सजिल्द)
700 _aतिवारी, रीमा
_972868
942 _cHN
_2ddc
_h302.7
_mहॉल्ट
999 _c206439
_d206439